Fenntartható-e a közösségi gazdaság?

Bibliographic Details
Main Author: Pásztor Alexandra Judit
Other Authors: Farkas Dr. habil. Szilveszter
Format: Thesis
Kulcsszavak:Közösségi gazdaság
fenntarthatóság
Airbnb
Online Access:http://dolgozattar.uni-bge.hu/9659

MARC

LEADER 00000nta a2200000 i 4500
001 dolg9659
005 20161219193043.0
008 161219suuuu hu om 000 hun d
040 |a BGE Dolgozattár Repozitórium  |b hun 
041 |a hu 
100 1 |a Pásztor Alexandra Judit 
245 1 0 |a Fenntartható-e a közösségi gazdaság?  |c Pásztor Alexandra Judit  |h [elektronikus dokumentum] 
695 |a Közösségi gazdaság 
695 |a fenntarthatóság 
695 |a Airbnb 
700 1 |a Farkas Dr. habil. Szilveszter  |e ths 
856 4 0 |u http://dolgozattar.uni-bge.hu/9659/1/Fenntarthat%C3%B3-e%20a%20k%C3%B6z%C3%B6ss%C3%A9gi%20gazdas%C3%A1g.pdf  |z Dokumentum-elérés